000
00487nam a2200169Ia 4500
008
090711s9999 xx 000 0 und d
082
_b
57257
100
_a
खोले गजानन शं.
245
_a
मेतकुट भात
260
_c
1980
300
_a
86
600
_a
खोले गजानन शं.
630
_a
मेतकुट भात
700
_a
खोले गजानन शं.
730
_a
मेतकुट भात
942
_c
BOOK
999
_c
288357
_d
288357